000 00935caa a2200217 ib4500
003 SA-RiAUC
005 20260217123603.0
008 260216s1998 su g b f000f0 ara c
040 _aSA-JeALM
_bara
_cSA-RiAUC
_erda
082 0 4 _a267
090 _a267
_bا ل س
100 1 _aآل سعود، محمد بن سعد بن عبد الرحمن
_eمؤلف.
245 1 2 _aالعزلة :
_bالفكرة والتطبيق : دراسة شرعية نفسية /
_cمحمد بن سعد بن عبد الرحمن آل سعود.
264 _aمكة المكرمة :
_bمطابع البركاتي.
_c1997
300 _a164 صفحة ؛
_c22 سم.
337 _aبدون وسيط
_bn
_2rdamedia
650 7 _aالإسلام وعلم النفس
_vمقالات ومحاضرات
_2aucsh
650 7 _aالإسلام والإرشاد النفسي
_vمقالات ومحاضرات
_2aucsh
942 _2ddc
_cBOOK
_n0
949 _aSA-JeALM
_d260216
_uosman123
_n1
999 _c14354
_d14354